Statistics for Most Expensive Footballers by Letter

Click here to take the quiz!

General Stats

  • This quiz has been taken 135 times
    (103 since last reset)
  • The average score is 20 of 27

Answer Stats

ClubNationalityValue in €Footballer% Correct
KTottenham Hotspur
150 mHarry Kane
96%
RJuventus Turin
100 mCristiano Ronaldo
91%
NParis-Saint-Germain
180 mNeymar
91%
MParis-Saint-Germain
180 m Kylian Mbappé
89%
MFC Barcelona
180 mLionel Messi
86%
GAtlético de Madrid
120 mAntoine Griezmann
85%
HChelsea
150 mEden Hazard
85%
DManchester City
150 mKevin de Bruyne
85%
SLiverpool F.C.
150 mMohamed Salah
85%
PManchester United
90 mPaul Pogba
84%
ETottenham Hotspur
80 mChristian Eriksen
81%
LManchester United
100 mRomelu Lukaku
78%
FLiverpool F.C.
80 mRoberto Firmino
77%
BReal Madrid
90 mGareth Bale
76%
XArsenal
40 mGranit Xhaka
75%
OAtlético de Madrid
70 mJan Oblak
73%
VReal Madrid
80 mRaphaël Varane
73%
JManchester City
80 mGabriel Jesus
68%
TFC Barcelona
60 mMarc-André ter Stegen
67%
WRB Leipzig
60 mTimo Werner
66%
ATottenham Hotspur
100 mDele Alli
65%
CFC Barcelona
120 mPhilippe Coutinho
65%
UFC Barcelona
70 mSamuel Umtiti
65%
TFC Bayern München
60 mThiago
60%
IInternazionale
95 mMauro Icardi
53%
YWest Ham United
20 mAndriy Yarmolenko
52%
ZSSC Napoli
40 mPiotr Zieliński
45%

Score Distribution

Percentile by Number Answered

Percent of People with Each Score

Your Score History

You have not taken this quiz since the last reset